Secularism in India (Record no. 570)

MARC details
000 -LEADER
fixed length control field 00459cam a2200181ua 4500
001 - CONTROL NUMBER
control field 641
005 - DATE AND TIME OF LATEST TRANSACTION
control field 20260515113212.0
008 - FIXED-LENGTH DATA ELEMENTS--GENERAL INFORMATION
fixed length control field 110411n ii |||gr||||Z||||||eng
040 ## - CATALOGING SOURCE
Transcribing agency MAIN
082 ## - DEWEY DECIMAL CLASSIFICATION NUMBER
Classification number 211.60954
245 1# - TITLE STATEMENT
Title Secularism in India
250 ## - EDITION STATEMENT
Edition statement 1st. /
Remainder of edition statement edited by V.K.Singh.
260 ## - PUBLICATION, DISTRIBUTION, ETC.
Place of publication, distribution, etc. Calcutta:
Name of publisher, distributor, etc. Lalvani publishing house,968.
300 ## - PHYSICAL DESCRIPTION
Extent xviii, 212p.:
Dimensions 20cm.
653 ## - INDEX TERM--UNCONTROLLED
Uncontrolled term Political science
653 ## - INDEX TERM--UNCONTROLLED
Uncontrolled term Secularism in India
942 ## - ADDED ENTRY ELEMENTS (KOHA)
Koha item type Books
Holdings
Withdrawn status Lost status Damaged status Not for loan Home library Current library Shelving location Date acquired Total checkouts Full call number Barcode Date last seen Copy number Price effective from Koha item type
        Naharkatiya College Library Naharkatiya College Library General stacks 09/19/2020   211.60954 | SEC 246 09/19/2020 1 09/19/2020 Books